000 00685nam a2200145Ia 4500
003 GCL
008 140319s9999 xx 000 0 ara d
040 _aGCL /
_cGCL
082 0 4 _aم
_b920.71
_bس ك
100 1 _aالسلطان ابى المظفر عيسى ابن ال
245 1 0 _aكتاب الرد على ابى بكر الخطيب البغدادى /
_cالسلطان ابى المظفر عيسى ابن ال
700 1 _aالخطيب البغدادى : ابوبكر احمد بن على بن ثابت بن احمد بن مهدى الشافعى
260 _a[S.N] :
_bدار الكتب العلمية للنشر والتوزيع
490 _aشكاوى المصرى الفصيح
_v0
999 _c59463
_d59463